000 00420nam a22001817a 4500
005 20180131163350.0
008 160618b xxu||||| |||| 00| 0 eng d
020 _a81-7656-752-3
041 _aeng
082 _b8184
_a004
100 _aSinha, Pradeep K and Sinha Priti
_94030
245 _aComputer Fundamentals
250 _a4th ed.
260 _bBPB
300 _a424
650 _aManagement
_9241
942 _cBK
999 _c3138
_d3137